| 000 | 01787nam a2200253 a 4500 | ||
|---|---|---|---|
| 001 | 000503187 | ||
| 003 | AM-YeHGA | ||
| 005 | 20250617161301.0 | ||
| 008 | 061010s2000 ru |||||r|||||000|0|rus|d | ||
| 040 | _aAM-YeHGA | ||
| 041 | 0 | _arus | |
| 245 | 0 | 0 |
_aСовременные вопросы эндокринологии / _cПод ред. Е.А. Васюковой. |
| 260 |
_aМосква : _bМедицина,. |
||
| 300 |
_aВыпуск ; _c20 см. |
||
| 504 | _aСписок лит. в конце ст. | ||
| 505 | 0 |
_gВып. 1 (1960, 284 с.) _gВып. 2 (1963, 310с. ; Библиогр.: с. 308-310) _gВып. 3 (1969, 184 с.) : _tСтероидные гормоны (кортикостероиды, андрогены, эстрогены, прогестины) / _rПод ред. Н.А. Юдаева _gВып. 4 (1972, 203 с.) : _tХимия и биохимия пептидно-белковых гормонов / _rПод ред. Н.А. Юдаева; АМН СССР _gВып. 5 (1975, 195 с., ил.; Библиогр. в конце глав.) _tБолезнь и синдром Иценко-Кушинга : (патогенез, клиника, диагностика и лечение) / _rпод ред. Н.А. Юдаева. |
|
| 650 | 1 | 4 | _aЭндокринология |
| 650 | 1 | 4 |
_aЭндокринная система _xФизиология _xПатофизиология |
| 650 | 1 | 4 |
_aЭндокринной системы болезни _xЭтиология _xМетаболизм _xИммунология |
| 650 | 1 | 4 |
_aГормонов аналоги _xБиосинтез _xМетаболизм |
| 650 | 1 | 4 | _aБиохимические явления, обмен веществ и питание |
| 700 | 1 |
_aВасюкова, Е.А. _eред. _4edt |
|
| 090 | _c471898 | ||
| 999 |
_c468654 _d468654 |
||